Hnutí Hizbullah
Vznik, dôvody a okolnosti vzniku hnutia Hizbuláh. Pôvodné ciele hnutia Hizbuláh. Základ ideológie hnutia Hizbuláh. Pôsobenie v južnom Libanone. Vzťah medzi hnutím Hizbuláh a kresťanmi.
Na minha lista:
| Autor principal: | |
|---|---|
| Formato: | Capítulo de Livro |
| Idioma: | tcheco |
| Assuntos: | |
| Tags: |
Sem tags, seja o primeiro a adicionar uma tag!
|
MARC
| LEADER | 00000naa$a2200000$$$4500 | ||
|---|---|---|---|
| 001 | 0005758 | ||
| 005 | 20231016091244.3 | ||
| 041 | 0 | |a cze | |
| 044 | |a CZ | ||
| 245 | 1 | 0 | |a Hnutí Hizbullah |c aut. Yvona Šabacká |
| 520 | |a Vznik, dôvody a okolnosti vzniku hnutia Hizbuláh. Pôvodné ciele hnutia Hizbuláh. Základ ideológie hnutia Hizbuláh. Pôsobenie v južnom Libanone. Vzťah medzi hnutím Hizbuláh a kresťanmi. | ||
| 610 | 2 | 0 | |a náboženstvo |
| 610 | 2 | 0 | |a terorizmus |
| 610 | 2 | 0 | |a reformy |
| 610 | 2 | 0 | |a cirkev |
| 610 | 2 | 0 | |a história |
| 610 | 2 | 0 | |a politika medzinárodná |
| 100 | 1 | |a Šabacká, Yvona | |